Mistrzowie lig krajów należących do UEFA w sezonie 2024/2025 lub 2024 - Statystyki

Ogólne statystyki
  • Ten quiz został rozwiązany 47 razy
  • Średni wynik to 24 z 54
Statystyki odpowiedzi
Kraj Klub % Poprawnych
Hiszpania FC Barcelona
95%
Anglia Liverpool
95%
Niemcy Bayern Monachium
92%
Włochy Napoli
89%
Francja PSG
89%
Holandia PSV
89%
Portugalia Sporting
89%
Turcja Galatasaray
84%
Szkocja Celtic
81%
Polska Lech Poznań
81%
Czechy Slavia Praga
81%
Ukraina Dynamo Kijów
65%
Szwajcaria FC Basel
65%
Dania Fc Kopenhaga
65%
Grecja Olympiakos
62%
Serbia Crvena Zvezda
59%
Słowacja Slovan Bratysława
59%
Austria Sturm Graz
59%
Norwegia Bodo/Glimt
57%
Rumunia FCSB
54%
Chorwacja Rijeka
54%
Węgry Ferencvaros
49%
Białoruś Dynamo Mińsk
41%
Cypr Pafos
41%
Azerbejdżan Qarabag
41%
Bułgaria Ludogorets
38%
Izrael Maccabi Tel Aviv
35%
Armenia Noah
35%
Kazachstan Kairat
32%
Rosja Krasnodar
32%
Islandia Breidablik
30%
Kosowo Drita
30%
Albania Egnatia
30%
Finlandia KuPS
30%
Szwecja Malmo FF
30%
Irlandia Shelbourne
30%
Litwa Zalgiris
30%
Malta Hamrun Spartans
24%
Gibraltar Lincoln Red Imps
24%
Belgia Royale Union Saint Gilloise
24%
Macedonia Północna Shkendija
24%
Walia The New Saints
24%
Łotwa RFS
22%
Bośnia i Hercegowina Zrinjski Mostar
22%
Czarnogóra Budućnost Podgorica
19%
Gruzja Iberia 1999
19%
Słowenia Olimpija Lublana
19%
Wyspy Owcze Vikingur Gota
16%
Irlandia Północna Linfield FC
14%
Mołdawia Milsami
14%
Andora Inter Club Escaldes
11%
Luksemburg Differange
8%
San Marino Virtus FC
8%
Estonia FCI Levadia
5%
Nie znaleziono quizów pasujących do podanych kryteriów
Rozkład punktacji
Procent ludzi z każdym wynikiem
Percentyl według liczby udzielonych odpowiedzi
Twoja historia wyników
Nie rozwiązałeś tego quizu